Eurovision 2015 Grand Final Scoreboard - Statistics

General Stats
  • This quiz has been taken 132 times
  • The average score is 20 of 27
Answer Stats
Place Country Points % Correct
1st Sweden 365
100%
2nd Russia 303
90%
3rd Italy 292
89%
27th Germany 0
88%
26th Austria 0
85%
4th Belgium 217
83%
5th Australia 196
81%
21st Spain 15
81%
24th United Kingdom 5
81%
25th France 4
78%
8th Norway 102
77%
12th Azerbaijan 49
73%
7th Estonia 106
73%
6th Latvia 186
72%
10th Serbia 53
72%
16th Armenia 34
68%
11th Georgia 51
68%
9th Israel 97
68%
13th Montenegro 44
68%
23rd Poland 10
67%
14th Slovenia 39
66%
20th Hungary 19
65%
19th Greece 23
63%
18th Lithuania 30
63%
15th Romania 35
63%
17th Albania 34
61%
22nd Cyprus 11
61%
No matching quizzes found
Score Distribution
Percent of People with Each Score
Percentile by Number Answered
Your Score History
You have not taken this quiz